| 000 | 00457nam a2200169Ia 4500 | ||
|---|---|---|---|
| 999 |
_c150 _d150 |
||
| 003 | OSt | ||
| 005 | 20210914113213.0 | ||
| 008 | 190216s9999||||xx |||||||||||||| ||und|| | ||
| 040 | _coclc | ||
| 082 |
_a892.71 _bDER/S |
||
| 100 |
_aDerassy, M O _98701 |
||
| 245 | 0 |
_aSharahul Mullaqat Al Shaba / _cM O Derassy |
|
| 260 | _bAl Hind Book Stals, | ||
| 300 | _a256p | ||
| 650 | _aArabic | ||
| 942 |
_cBK _2ddc _h8792.71 _iDER/S _k8792.71 _mDER/S |
||